000 02046cam a2200265 4500500
005 20251228080819.0
041 _afre
042 _adc
100 1 0 _aLadsous, Jacques
_eauthor
245 0 0 _aParcours… Projet Ou bien, et si le parcours conduisait au projet
260 _c2017.
500 _a8
520 _aEn partant de deux novateurs – Deligny et Freinet – qui furent de grands pédagogues, il est possible de réfléchir sur deux concepts : parcours et projet. Dans leur démarche, c’est la demande de la personne qui est essentielle car on ne peut concevoir de projet si l’on ne cultive pas la découverte. Aboutir à un projet, c’est organiser les éléments de sa découverte pour en faire une création nouvelle. Et la découverte et la création demandent du temps, ce que l’administration n’est guère disposée à accorder. C’est le moment de revenir à l’essentiel : faire en sorte que le parcours conduise au projet, puisque l’inverse produit bien souvent des malentendus.
520 _aTwo founding and creative figures in the history of pedagogy  –  Deligny and Freinet  –  are a good starting point for thought about two concepts: “trajectory” and “project”. In their approach, it is the request formulated by the person that is essential because a project cannot be conceived if the spirit of discovery is not encouraged. And exploration and creativity need time which the administration is hardly inclined to give. It is time to go back to essentials and to make it possible for the trajectory to lead on to a project. The opposite (from project back to the trajectory) often produces misunderstandings.
690 _adécouverte
690 _aparcours
690 _aprojet
690 _atemps
690 _adiscovery
690 _aproject
690 _atime
690 _atrajectory
786 0 _nVie sociale | 18 | 2 | 2017-09-13 | p. 105-108 | 0042-5605
856 4 1 _uhttps://shs.cairn.info/revue-vie-sociale-2017-2-page-105?lang=fr&redirect-ssocas=7080
999 _c1598923
_d1598923